Lecturas de antropología para educadores : el ámbito de la antropología de la educación y de la etnografía escolar /

Guardado en:
Detalles Bibliográficos
Autor principal: Velasco Maillo, Honorio M. (ed.)
Otros autores: García Castaño, Francisco Javier (edición) (edición), Díaz de Rada, Angel (edición) (edición)
Formato: Libro
Idioma:Español
Publicado: Madrid, España : Trotta, 1993, c1993
Colección:(Estructuras y Procesos. Antropología)
Temas:
Etiquetas: Agrega una etiqueta
Sin etiquetas, Sé el primero en etiquetar este registro!

MARC

LEADER 00000nam^a2200000^a^4500
001 000351513
005 20250521000000.0
009 20260310115013.037
020 |a 978-84-8164-640-5 
037 |a Acervo Xavier Clavigero 
041 |a ESP 
082 |a 370. 19  |b VEL 
100 |a Velasco Maillo, Honorio M.  |e (ed.) 
245 1 0 |a Lecturas de antropología para educadores :  |b el ámbito de la antropología de la educación y de la etnografía escolar /  |c Ed. de H.M. Velasco Maillo, F.J. García Castaño, A. Díaz de Rada. 
264 4 |a Madrid, España :  |b Trotta,  |c 1993, c1993 
300 |a 461 p. 
336 |a texto  |b txt  |2 rdacontenido 
337 |a sin mediación  |b n  |2 rdamedio 
338 |a volumen  |b nc  |2 rdasoporte 
440 1 |a (Estructuras y Procesos.  |p Antropología) 
649 |a XX 
650 |a Etnografía 
650 |a Antropología 
650 |a Sociología de la Educación -  |x Tema Principal 
650 |a Educación 
700 |a García Castaño, Francisco Javier  |e (edición) 
700 |a Díaz de Rada, Angel  |e (edición) 
910 |a Fondo General 
920 |a Impresos - Libros 
930 |a Colección General 
905 |a 101 
901 |a 058889  |b IT1  |c ACC  |u 20250521 
902 |a https://opac.biblio.iteso.mx/vufind/Record/000351513